000 01942nam a22001577a 4500
041 _aukr
080 _a09
090 _bМАК
100 _aМаковецька Ю. В.
245 _aСловотворчий потенціал лексики у текстах пісень групи "Evanescense"
260 _aОстрог
_bКАФ
_c2007
300 _a53
520 _aВступ Розділ 1 Загальні особливості словотвору англійської мови 1.1 Морфологічна структура слова 1.1.1 Слово основна одиниця лексикологічного дослідження 1.1.2 Коерневі та афіксальні морфеми 1.1.3 Вільні, зв"язані, відносно вільні та відносно зв"язані морфеми 1.1.4 Напівафікси 1.2 Продуктивні способи словотворення англійської мови 1.2.1 Афіксація (суфіксація та префіксація) 1.2.2 Конверсія 1.2.3 Словоскладання 1.2.4 Телескопія Розділ 2 Особливості словотвору пісень групи "Evanescense" 2.1 Словотвір у поезії 2.2 Суфіксальний спосіб словотвору в текстах пісень групи "Evanescense" 2.3 Префіксальний спосіб словотвору в текстах пісень групи "Evanescense" 2.4 Конверсія як словотворча модель в тестах пісень групи 2.5 Скорочення як словотворча модель в текстах групи "Evanescense" 2.6 Словоскладання як словотворча модель в текстах пісень групи Висновки
_0словотвор, "Evanescense"
650 _aResearch Papers
999 _c283991
_d283991
942 _cBK